Indian ocean biogeochemical processes and ecological variability (Record no. 38823)
[ view plain ]
| 000 -LEADER | |
|---|---|
| fixed length control field | 01763nam a2200409 a 4500 |
| 082 04 - DEWEY DECIMAL CLASSIFICATION NUMBER | |
| Classification number | 551.46/615 |
| 245 00 - TITLE STATEMENT | |
| Title | Indian ocean biogeochemical processes and ecological variability |
| 260 ## - PUBLICATION, DISTRIBUTION, ETC. (IMPRINT) | |
| Place of publication | Washington, D.C. : |
| Name of publisher | American Geophysical Union, |
| Year of publication | c2009. |
| 300 ## - PHYSICAL DESCRIPTION | |
| Number of Pages | vii, 429 p. : |
| Other physical details | ill. (some col.). |
| 490 1# - SERIES STATEMENT | |
| Series statement | Geophysical monograph series, |
| 500 ## - GENERAL NOTE | |
| General note | "The chapters in this volume are derived from an international conference that was convened in Goa, India, 3-6 October 2006"--P. vii. |
| 650 #0 - SUBJECT ADDED ENTRY--TOPICAL TERM | |
| Topical Term | Chemical oceanography |
| Topical Term | Marine chemical ecology |
| Topical Term | Carbon cycle (Biogeochemistry) |
| Topical Term | Monsoons |
| 700 1# - ADDED ENTRY--PERSONAL NAME | |
| Personal name | Wiggert, Jerry D., |
| 856 40 - ELECTRONIC LOCATION AND ACCESS | |
| Uniform Resource Identifier | http://site.ebrary.com/lib/rucke/Doc?id=10720732 |
No items available.
